Exakte Wissenschaft und Recht: der Einflub von Naturwissenchaft und Mathematik auf Rechtsdenken und Rechtswissenschaft in zweieinhalb Jahrtausenden. Ein historischer Grundrib

Bewaard in:
Bibliografische gegevens
Hoofdauteur: Stephanitz, Dieter von (Auteur)
Formaat: Boek
Taal:Duits
Gepubliceerd in: Berlín Walter de Gruyter 1970
Reeks:Münsterische Beiträge zur Rechts und Staatswissenschaft, 15
Onderwerpen:
Tags: Voeg label toe
Geen labels, Wees de eerste die dit record labelt!

MARC

LEADER 00000nam a2200000 a 4500
001 UCR2715
003 CL-VaPUC
008 980116e19700000GW |||||||||||||||||ger|d
082 0 4 |a 340.11  |b STE  |2 21 
100 0 |a Stephanitz, Dieter von  |e author  |9 401011 
245 1 0 |a Exakte Wissenschaft und Recht: der Einflub von Naturwissenchaft und Mathematik auf Rechtsdenken und Rechtswissenschaft in zweieinhalb Jahrtausenden. Ein historischer Grundrib 
300 |a 273 p 
942 |c BK 
945 |d 19980116 00:00:00  |a cmena 
260 |a Berlín  |b Walter de Gruyter  |c 1970 
600 0 7 |a PLATON  |2 CL-VaPUC  |9 222 
600 0 |a Aristóteles,  |d 384 a.C.- 322 a.C.  |9 194 
650 0 |a Teoría del derecho  |9 255982 
650 0 |a Filosofía del derecho   |9 255050 
650 7 |a CIENCIAS PURAS  |2 CL-VaPUC  |9 395879 
650 0 |a Razón   |9 314475 
650 0 |a Epistemología   |9 264994 
650 0 |a Matemática  |9 260235 
650 0 |a Cosmología  |9 269138 
650 0 |a Derecho comparado  |9 255664 
650 0 |a Aritmética   |9 270049 
650 0 |a Geometría   |9 264063 
650 0 |a Medicina   |9 258507 
650 0 |a Filosofía antigua   |9 255705 
650 0 |a Humanismo  |9 256530 
650 0 |a Positivismo jurídico  |9 255992 
650 0 |a Filosofía de la naturaleza  |9 265899 
583 |a last modification  |c 19980116 00:00:00  |k Rodrigo Vera 
490 0 |a Münsterische Beiträge zur Rechts und Staatswissenschaft, 15 
999 |c 265846  |d 265844 
952 |0 0  |1 0  |4 0  |6 340_110000000000000_STE_1970  |7 0  |8 A  |9 296960  |a BIBDER  |b BIBDER  |d 2019-11-20  |i 1935542  |o 340.11 STE 1970  |p 1935542  |r 2023-01-25  |w 2019-11-20  |y BK  |k DER